000 00697nam a2200241Ia 4500
003 OSt
005 20221005093520.0
006 a|||||r|||| 00| 0
007 ta
008 221004b |||||||| |||| 00| 0 eng d
024 _a103005
037 _cTextual
040 _aCRL
_cCRL
_beng
041 _2eng
_aeng
082 _aL9E:57, M9
100 _aPetersen Marilyn D
_9618464
245 0 _aHealth care of the elderly
_b an introduction sourcebook
260 _aNewbury
_bPark Sage Publications
_c1989
650 _aMEDICINE
700 _a White Diana L Ed.
_9618465
942 _hL9E:57, M9
_cTEXL
_2cc
999 _c1000530
_d1000530